| 000 | 00588nam a2200193Ia 4500 | ||
|---|---|---|---|
| 003 | GCL | ||
| 008 | 140319s9999 xx 000 0 ara d | ||
| 040 |
_aGCL / _cGCL |
||
| 082 | 0 | 4 |
_a372.407 _bح ق |
| 100 | 1 | _aحسنى عبدالهادى عصر | |
| 245 | 1 | 0 |
_aالقراءة: طبيعتها - مناشط تعليمها وتنمية مهارتها / _cحسنى عبدالهادى عصر |
| 300 | _a208 ص | ||
| 490 | _a | ||
| 650 | 0 | 4 | _aالتعليم |
| 650 | 0 | 4 | _aاللغة العربية |
| 650 | 0 | 4 | _aالقراءة |
| 650 | 0 | 4 | _aالكتب والقراءة |
| 942 |
_2ddc _cBK |
||
| 999 |
_c38527 _d38527 |
||